Giáo dục học : Giáo trình dành cho các trường Đại học và Cao đẳng Sư phạm

Nội dung sách giới thiệu những kiến thức chung về vấn đề giáo dục học như chức năng của giáo dục, nhân cách, mục đích, nguyên lí giáo dục và phương pháp giáo dục, công tác quản lý nhà trường, công tác giáo dục tập thể học sinh....

Szczegółowa specyfikacja

Zapisane w:
Opis bibliograficzny
1. autor: Phạm, Viết Vượng
Format: Książka
Język:Undetermined
Wydane: Hà Nội Nxb. Đại học Sư phạm 2014
Hasła przedmiotowe:
Etykiety: Dodaj etykietę
Nie ma etykietki, Dołącz pierwszą etykiete!
Thư viện lưu trữ: Trung tâm Học liệu Trường Đại học Cần Thơ
LEADER 01135nam a2200241Ia 4500
001 CTU_147382
008 210402s9999 xx 000 0 und d
020 |c 65000 
082 |a 370.1 
082 |b V561 
100 |a Phạm, Viết Vượng 
245 0 |a Giáo dục học : 
245 0 |b Giáo trình dành cho các trường Đại học và Cao đẳng Sư phạm 
245 0 |c Phạm Viết Vượng 
260 |a Hà Nội 
260 |b Nxb. Đại học Sư phạm 
260 |c 2014 
520 |a Nội dung sách giới thiệu những kiến thức chung về vấn đề giáo dục học như chức năng của giáo dục, nhân cách, mục đích, nguyên lí giáo dục và phương pháp giáo dục, công tác quản lý nhà trường, công tác giáo dục tập thể học sinh. 
650 |a Giảng dạy,Teaching,Character education,Giáo dục nhân cách 
650 |x Phương pháp,Methods 
650 |z Việt Nam,Vietnam 
904 |i Tuyến 
980 |a Trung tâm Học liệu Trường Đại học Cần Thơ